Public access to the countryside: the new regime (Record no. 73063)
[ view plain ]
| 000 -LEADER | |
|---|---|
| fixed length control field | 01273cam a2200253 4500 |
| 001 - CONTROL NUMBER | |
| control field | ABS66924 |
| 008 - FIXED-LENGTH DATA ELEMENTS--GENERAL INFORMATION | |
| fixed length control field | 030716n2003 000 0 eng u |
| 035 ## - SYSTEM CONTROL NUMBER | |
| System control number | (Sirsi) u123030 |
| 100 ## - MAIN ENTRY--PERSONAL NAME | |
| Personal name | Robinson, J. |
| 245 ## - TITLE STATEMENT | |
| Title | Public access to the countryside: the new regime |
| 260 ## - PUBLICATION, DISTRIBUTION, ETC. | |
| Date of publication, distribution, etc. | 2003 |
| 490 ## - SERIES STATEMENT | |
| Series statement | Scottish Planning and Environmental Law |
| Volume/sequential designation | (97) June 2003, 62-65(4) |
| 520 ## - SUMMARY, ETC. | |
| Summary, etc. | Explains key aspects of the final form of the Land Reform (Scotland) Act 2003, in particular Part I and examines what needs to be done prior to its implementation. The six provisions picked out for consideration are whether the rights are new or existing; the extent of access rights; land over which access rights are exercisable; core paths, liability and the "Scottish outdoor access code". Concludes that the legislation in its final form is close to the package of reforms submitted to government in 1998 and that the reforms should benefit both the users and the providers of access. |
| 590 ## - LOCAL NOTE (RLIN) | |
| Local note | ABS |
| 650 ## - SUBJECT ADDED ENTRY--TOPICAL TERM | |
| Topical term or geographic name entry element | SCOTLAND |
| 650 ## - SUBJECT ADDED ENTRY--TOPICAL TERM | |
| Topical term or geographic name entry element | LAND REFORM (SCOTLAND) ACT 2003 |
| 650 ## - SUBJECT ADDED ENTRY--TOPICAL TERM | |
| Topical term or geographic name entry element | PUBLIC ACCESS |
| 650 ## - SUBJECT ADDED ENTRY--TOPICAL TERM | |
| Topical term or geographic name entry element | ACCESS TO THE COUNTRYSIDE |
| 650 ## - SUBJECT ADDED ENTRY--TOPICAL TERM | |
| Topical term or geographic name entry element | RIGHTS OF WAY |
| 650 ## - SUBJECT ADDED ENTRY--TOPICAL TERM | |
| Topical term or geographic name entry element | LIABILITY |
| 650 ## - SUBJECT ADDED ENTRY--TOPICAL TERM | |
| Topical term or geographic name entry element | SCOTTISH OUTDOOR ACCESS CODE |
| 690 ## - LOCAL SUBJECT ADDED ENTRY--TOPICAL TERM (OCLC, RLIN) | |
| Topical term or geographic name as entry element | PROPERTY |
| 942 ## - ADDED ENTRY ELEMENTS (KOHA) | |
| Suppress in OPAC | 0 |
| Withdrawn status | Lost status | Source of classification or shelving scheme | Damaged status | Not for loan | Home library | Current library | Shelving location | Date acquired | Total Checkouts | Full call number | Barcode | Date last seen | Copy number | Price effective from | Koha item type |
|---|---|---|---|---|---|---|---|---|---|---|---|---|---|---|---|
| Dewey Decimal Classification | London | London | Journal article | 16/07/2003 | ABS66924 | 123030-1001 | 06/08/2019 | 1 | 06/08/2019 | Journal article |